Buckinghamshire Places - Sudden Death - Statistics

General Stats
  • This quiz has been taken 38 times
  • The average score is 11 of 14
Answers on the Grid
Answers color-coded by a green-red scale on the quiz's grid according to % correct below.
Amersham
Aylesbury
Beaconsfield
Bicester
Bletchley
Bolton
Buckingham
Chalfont St Peter
Cheltenham
Chesham
Dover
Durham
Ely
Gerrards Cross
Hign Wycombe
Keighley
Leicester
Luton
Macclesfield
Marlow
Milton Keynes
Morecambe
Newbury
Newport Pagnell
Princes Risborough
Scunthorpe
Sleaford
Wendover
 
Answer Stats
Answer % Correct
Beaconsfield
90%
Hign Wycombe
86%
Amersham
83%
Aylesbury
83%
Buckingham
83%
Chesham
83%
Milton Keynes
83%
Gerrards Cross
76%
Princes Risborough
76%
Bletchley
72%
Marlow
72%
Wendover
72%
Chalfont St Peter
69%
Newport Pagnell
52%
No matching quizzes found
Score Distribution
Percent of People with Each Score
Percentile by Number Answered
Your Score History
You have not taken this quiz